000 00621nam a2200241Ia 4500
003 OSt
005 20221005124822.0
006 a|||||r|||| 00| 0
007 ta
008 221004b |||||||| |||| 00| 0 mal d
024 _a58414
037 _cTextual
040 _aCRL
_cCRL
_bmal
041 _2mal
_amal
082 _aQ6:23, 32K2.2
100 _aNaduvathuchery Jacob Ed.
_9635805
245 0 _aNew testament
260 _c1962
650 _a RELIGION
650 _aMALAYALAM LITERATURE
_938866
942 _hQ6:23, 32K2.2
_cTEXL
_2cc
999 _c1051742
_d1051742